[Event "Alushta op"]
[Site "Alushta"]
[Date "2023.07.09"]
[Round "8"]
[White "Ilin, Artem"]
[Black "Pervakov, Sergey"]
[Result "1/2-1/2"]
[WhiteElo "1402"]
[BlackElo "2052"]
[PlyCount "24"]
[EventDate "2023.07.02"]
[EventType "swiss"]
[EventRounds "9"]
[EventCountry "UKR"]
[SourceTitle "CBM 215 Extra"]
[Source "ChessBase"]
[SourceDate "2023.09.30"]
[SourceVersion "1"]
[SourceVersionDate "2023.09.30"]
[SourceQuality "1"]

1. d4 d5 2. c4 e6 3. Nc3 Nf6 4. cxd5 exd5 5. Bg5 Be7 6. Qc2 c6 7. e3 Nbd7 8. Bd3 h6 9. Bf4 0-0 10. h3 Re8 11. Nf3 Nf8 12. 0-0 Ne6 1/2-1/2

[Event "RUS-chT Rapid"]
[Site "Sochi"]
[Date "2021.10.15"]
[Round "1.5"]
[White "Pervakov, Sergey"]
[Black "Gutenev, Alexander"]
[Result "0-1"]
[WhiteElo "2052"]
[BlackElo "2455"]
[PlyCount "56"]
[EventDate "2021.10.15"]
[EventType "team-swiss (rapid)"]
[EventRounds "9"]
[EventCountry "RUS"]
[SourceTitle "CBM 204 Extra"]
[Source "ChessBase"]
[SourceDate "2021.11.30"]
[SourceVersion "1"]
[SourceVersionDate "2021.11.30"]
[SourceQuality "1"]
[WhiteTeam "Krym Kimmeriya"]
[BlackTeam "Cheliabinsk Yuzhnyy Ural"]
[WhiteTeamCountry "RUS"]
[BlackTeamCountry "RUS"]

1. e4 c5 2. a3 Nc6 3. b4 e5 4. b5 Nd4 5. c3 Ne6 6. Bc4 Nf6 7. d3 g6 8. Qb3 Bg7 9. Ne2 0-0 10. 0-0 Nh5 11. Be3 d6 12. a4 b6 13. Na3 Qf6 14. f3 Nhf4 15. Nxf4 Nxf4 16. g3 Nh3+ 17. Kh1 h5 18. Ra2 Kh7 19. Bd5 Be6 20. Rd2 Rac8 21. Nc2 h4 22. Ne1 Bh6 23. Ng2 hxg3 24. hxg3 Bxe3 25. Nxe3 Kg7 26. Bxe6 fxe6 27. Ng4 Qg5 28. Rh2 Qxg4 0-1

[Event "RUS-ch Blitz"]
[Site "Sochi"]
[Date "2021.10.11"]
[Round "1"]
[White "Iljiushenok, Ilia"]
[Black "Pervakov, Sergey"]
[Result "1-0"]
[WhiteElo "2554"]
[BlackElo "2052"]
[PlyCount "51"]
[EventDate "2021.10.11"]
[EventType "swiss (blitz)"]
[EventRounds "13"]
[EventCountry "RUS"]
[SourceTitle "CBM 204 Extra"]
[Source "ChessBase"]
[SourceDate "2021.11.30"]
[SourceVersion "1"]
[SourceVersionDate "2021.11.30"]
[SourceQuality "1"]

1. e4 Nf6 2. e5 Nd5 3. d4 Nb6 4. Nf3 d6 5. h3 g6 6. Bd3 Bg7 7. 0-0 0-0 8. Qe2 Nc6 9. c3 Bd7 10. Bf4 Qc8 11. Nbd2 Bf5 12. Ne4 dxe5 13. dxe5 Nd5 14. Bg3 h6 15. Rad1 Rd8 16. Rfe1 e6 17. Bb1 Nce7 18. c4 Nb6 19. b3 Rxd1 20. Rxd1 Qe8 21. Nf6+ Bxf6 22. exf6 Bxb1 23. fxe7 Bf5 24. Bxc7 Qxe7 25. Bd6 Qe8 26. g4 1-0

[Event "RUS-chT 27th"]
[Site "Sochi"]
[Date "2020.11.23"]
[Round "5.4"]
[White "Zakhartsov, Vladimir"]
[Black "Pervakov, Sergey"]
[Result "1-0"]
[WhiteElo "2484"]
[BlackElo "2067"]
[PlyCount "75"]
[EventDate "2020.11.19"]
[EventType "team-tourn"]
[EventRounds "9"]
[EventCountry "RUS"]
[SourceTitle "CBM 199"]
[Source "ChessBase"]
[SourceDate "2020.12.31"]
[SourceVersion "1"]
[SourceVersionDate "2020.12.31"]
[SourceQuality "1"]
[WhiteTeam "Moscow Botvinnik School"]
[BlackTeam "Krym Kimmeriya"]
[WhiteTeamCountry "RUS"]
[BlackTeamCountry "RUS"]

1. d4 g6 2. e4 Bg7 3. Nf3 d6 4. Bc4 Nf6 5. Qe2 Nc6 6. d5 Na5 7. Bd3 c5 8. h3 0-0 9. c4 e6 10. Nc3 exd5 11. cxd5 a6 12. 0-0 b5 13. Bg5 b4 14. Nd1 Re8 15. Qc2 Qb6 16. Ne3 Bd7 17. Nd2 Bb5 18. Nec4 Nxc4 19. Bxc4 Nd7 20. f4 Bd4+ 21. Kh1 Be3 22. Nf3 Bxc4 23. Qxc4 Qb5 24. Qc2 f6 25. Bh6 c4 26. Rae1 Bb6 27. f5 b3 28. axb3 cxb3 29. Qd1 Qc4 30. fxg6 hxg6 31. Nd2 Qc2 32. Qf3 Kh7 33. Rc1 Qxb2 34. Nc4 Ne5 35. Qxf6 Nxc4 36. Qh4 Ne5 37. Bg5+ Kg8 38. Bf6 1-0

[Event "RUS-chT blitz"]
[Site "Sochi"]
[Date "2018.10.10"]
[Round "2.9"]
[White "Dudin, Gleb"]
[Black "Pervakov, Sergey"]
[Result "1-0"]
[WhiteElo "2178"]
[BlackElo "2098"]
[PlyCount "81"]
[EventDate "2018.10.10"]
[EventType "team-swiss (blitz)"]
[EventRounds "15"]
[EventCountry "RUS"]
[SourceTitle "CBM 186 Extra"]
[Source "ChessBase"]
[SourceDate "2018.08.24"]
[SourceVersion "1"]
[SourceVersionDate "2018.08.24"]
[SourceQuality "1"]
[WhiteTeam "Karpov Chess School II"]
[BlackTeam "Krym Kimmeriya"]
[WhiteTeamCountry "RUS"]
[BlackTeamCountry "RUS"]

1. d4 d6 2. c4 Nf6 3. Nf3 g6 4. g3 Bg7 5. Bg2 0-0 6. 0-0 Nc6 7. Nc3 a6 8. b3 Rb8 9. Bb2 Bd7 10. Rc1 e5 11. Qd2 Re8 12. dxe5 dxe5 13. e4 Qc8 14. Rfe1 Bh3 15. Nd5 Bxg2 16. Kxg2 Nd7 17. b4 Ne7 18. c5 Nxd5 19. Qxd5 c6 20. Qb3 h6 21. Nd2 Qc7 22. Nc4 Nf8 23. Nd6 Red8 24. Nc4 Ne6 25. a4 Nd4 26. Bxd4 exd4 27. a5 d3 28. Rcd1 Qd7 29. Nd6 Be5 30. Rxd3 Qc7 31. Red1 Bxd6 32. Rxd6 Rxd6 33. Rxd6 Re8 34. Qd3 Qe7 35. f3 Qe5 36. h4 Qb2+ 37. Qd2 Qb3 38. h5 Re6 39. hxg6 Rxg6 40. Rd8+ Kg7 41. Qd4+ 1-0

[Event "RUS-chT blitz"]
[Site "Sochi"]
[Date "2018.10.10"]
[Round "6.9"]
[White "Pingin, Artem"]
[Black "Pervakov, Sergey"]
[Result "1/2-1/2"]
[WhiteElo "1981"]
[BlackElo "2098"]
[PlyCount "85"]
[EventDate "2018.10.10"]
[EventType "team-swiss (blitz)"]
[EventRounds "15"]
[EventCountry "RUS"]
[SourceTitle "CBM 186 Extra"]
[Source "ChessBase"]
[SourceDate "2018.08.24"]
[SourceVersion "1"]
[SourceVersionDate "2018.08.24"]
[SourceQuality "1"]
[WhiteTeam "ShK GM Center Karpov"]
[BlackTeam "Krym Kimmeriya"]
[WhiteTeamCountry "RUS"]
[BlackTeamCountry "RUS"]

1. e4 Nf6 2. e5 Nd5 3. c4 Nb6 4. d4 d6 5. exd6 cxd6 6. Nf3 g6 7. Nc3 Bg7 8. Be2 0-0 9. 0-0 Nc6 10. Be3 Bg4 11. b3 Bxf3 12. Bxf3 f5 13. Ne2 e5 14. Bxc6 bxc6 15. dxe5 dxe5 16. Bc5 Qxd1 17. Raxd1 Rfd8 18. Nc3 e4 19. Rxd8+ Rxd8 20. Rd1 Rxd1+ 21. Nxd1 Kf7 22. f3 exf3 23. gxf3 Ke6 24. Kf2 Be5 25. h3 Bd6 26. Be3 f4 27. Bd4 Be5 28. Bc5 Nd7 29. Bxa7 c5 30. a3 Kd6 31. b4 Kc6 32. Ke2 Bd4 33. Nf2 Ne5 34. Ne4 Nxc4 35. Bxc5 Bxc5 36. Nxc5 Nxa3 37. Nd3 g5 38. Kf2 Kb5 39. h4 h6 40. hxg5 hxg5 41. Ne5 Kxb4 42. Nf7 Nc4 43. Nxg5 1/2-1/2

[Event "RUS-ch blitz"]
[Site "Sochi"]
[Date "2018.10.07"]
[Round "1.36"]
[White "Demidov, Mikhail"]
[Black "Pervakov, Sergey"]
[Result "1-0"]
[WhiteElo "2514"]
[BlackElo "2098"]
[PlyCount "137"]
[EventDate "2018.10.07"]
[EventType "swiss (blitz)"]
[EventRounds "20"]
[EventCountry "RUS"]
[SourceTitle "CBM 186 Extra"]
[Source "ChessBase"]
[SourceDate "2018.08.24"]
[SourceVersion "1"]
[SourceVersionDate "2018.08.24"]
[SourceQuality "1"]

1. Nf3 d6 2. g3 g6 3. d4 Bg7 4. Bg2 Nf6 5. b3 0-0 6. Bb2 Nbd7 7. 0-0 c6 8. c4 Qc7 9. Nc3 e5 10. e3 a5 11. Qc2 Re8 12. a3 exd4 13. exd4 Nb6 14. a4 Bf5 15. Qd2 d5 16. c5 Nbd7 17. Nh4 Be6 18. Rae1 Nf8 19. Nf3 Rad8 20. h3 Qd7 21. Ne5 Qc7 22. Ne2 Ne4 23. Qc1 Qc8 24. Nf4 Bf5 25. Kh2 Ne6 26. Nxe6 Bxe6 27. f3 Nf6 28. Qd2 Nd7 29. f4 Qc7 30. Bc3 Ra8 31. Re2 b6 32. cxb6 Qxb6 33. Rb1 Bf5 34. Rb2 f6 35. Nxd7 Bxd7 36. Rxe8+ Bxe8 37. Qe3 Bf7 38. Qd2 f5 39. Rb1 Ra7 40. Qc2 Bxd4 41. Bxd4 Qxd4 42. Qxc6 Re7 43. Qc2 Re3 44. Rd1 Qb4 45. Bxd5 Bxd5 46. Rxd5 Qxb3 47. Qc8+ Kf7 48. Rd7+ Re7 49. Rxe7+ Kxe7 50. Qc5+ Kf7 51. Qa7+ Ke6 52. Qa6+ Kf7 53. Qxa5 Qc2+ 54. Kg1 Qc1+ 55. Kf2 Qc2+ 56. Ke3 Qb3+ 57. Kd4 Qxg3 58. Qc7+ Kg8 59. a5 Qf2+ 60. Ke5 Qb2+ 61. Ke6 Qb3+ 62. Kd6 Qd3+ 63. Kc6 Qe4+ 64. Kb6 Qd4+ 65. Kb7 Qe4+ 66. Kb8 Qb4+ 67. Kc8 Qb5 68. Qd8+ Kf7 69. Qd7+ 1-0

[Event "RUS-ch rapid"]
[Site "Sochi"]
[Date "2018.10.05"]
[Round "1.17"]
[White "Pervakov, Sergey"]
[Black "Antipov, Mikhail Al"]
[Result "0-1"]
[WhiteElo "2098"]
[BlackElo "2593"]
[PlyCount "58"]
[EventDate "2018.10.05"]
[EventType "swiss (rapid)"]
[EventRounds "11"]
[EventCountry "RUS"]
[SourceTitle "CBM 186 Extra"]
[Source "ChessBase"]
[SourceDate "2018.08.24"]
[SourceVersion "1"]
[SourceVersionDate "2018.08.24"]
[SourceQuality "1"]

1. e4 e6 2. d4 d5 3. Nd2 h6 4. Ngf3 Nf6 5. Bd3 c5 6. c3 Nc6 7. 0-0 cxd4 8. cxd4 dxe4 9. Nxe4 Be7 10. Nc3 0-0 11. a3 b6 12. Re1 Bb7 13. Bc2 Qc7 14. Qd3 Rfd8 15. Be3 Nb8 16. Ne5 Ba6 17. Qd2 Nc6 18. Nf3 Bf8 19. Rad1 Rac8 20. Bf4 Qe7 21. Qe3 Qb7 22. Ne5 Ne7 23. Nxf7 Ned5 24. Nxd8 Nxe3 25. Nxb7 Nxc2 26. Rxe6 Bxb7 27. Re2 Nxa3 28. d5 Ba6 29. Re6 Nc4 0-1

[Event "RUS-chT blitz"]
[Site "Sochi"]
[Date "2017.10.05"]
[Round "2"]
[White "Iljin, Timofey"]
[Black "Pervakov, Sergey"]
[Result "1-0"]
[WhiteElo "2305"]
[BlackElo "2137"]
[PlyCount "47"]
[EventDate "2017.10.05"]
[EventType "team-swiss (blitz)"]
[EventRounds "15"]
[EventCountry "RUS"]
[SourceTitle "CBM 181 Extra"]
[Source "ChessBase"]
[SourceDate "2017.12.12"]
[SourceVersion "1"]
[SourceVersionDate "2017.12.12"]
[SourceQuality "1"]
[WhiteTeam "Our Crimea Republic of Crimea"]
[BlackTeam "Cimmeria (Crimea)"]
[WhiteTeamCountry "RUS"]
[BlackTeamCountry "RUS"]

1. d4 d6 2. Nf3 Nf6 3. c4 g6 4. Nc3 Bg7 5. e4 0-0 6. Be2 e5 7. 0-0 Nc6 8. d5 Ne7 9. b4 a5 10. Ba3 axb4 11. Bxb4 Ne8 12. c5 f5 13. Ng5 Kh8 14. Nb5 fxe4 15. cxd6 cxd6 16. Nxe4 Nf5 17. a4 b6 18. Bg4 Ba6 19. Bc3 Bxb5 20. axb5 Rxa1 21. Bxa1 Nf6 22. Ng5 Nd4 23. Bxd4 Nxg4 24. Qxg4 1-0

[Event "RUS-chT blitz"]
[Site "Sochi"]
[Date "2017.10.05"]
[Round "11"]
[White "Oganian, Miran"]
[Black "Pervakov, Sergey"]
[Result "1-0"]
[WhiteElo "2454"]
[BlackElo "2137"]
[PlyCount "65"]
[EventDate "2017.10.05"]
[EventType "team-swiss (blitz)"]
[EventRounds "15"]
[EventCountry "RUS"]
[SourceTitle "CBM 181 Extra"]
[Source "ChessBase"]
[SourceDate "2017.12.12"]
[SourceVersion "1"]
[SourceVersionDate "2017.12.12"]
[SourceQuality "1"]
[WhiteTeam "Krasnodar Territory AQ"]
[BlackTeam "Cimmeria (Crimea)"]
[WhiteTeamCountry "RUS"]
[BlackTeamCountry "RUS"]

1. d4 d6 2. Nf3 Nf6 3. c4 g6 4. Nc3 Bg7 5. e4 0-0 6. Be2 e5 7. Be3 Ng4 8. Bg5 f6 9. Bh4 g5 10. Bg3 Nh6 11. d5 Nd7 12. Nd2 a5 13. a3 f5 14. exf5 Nxf5 15. Nde4 h6 16. 0-0 Nf6 17. Bd3 Nd4 18. Nxf6+ Qxf6 19. Ne4 Qe7 20. b4 a4 21. Rc1 Bf5 22. Re1 Bg6 23. Nc3 Bxd3 24. Qxd3 Qf7 25. Ne4 Qf5 26. c5 Rf7 27. cxd6 cxd6 28. Rc3 h5 29. Nxd6 Qxd3 30. Rxd3 Rd7 31. Bxe5 Nc2 32. Re2 Bxe5 33. Nc4 1-0

[Event "RUS-ch blitz"]
[Site "Sochi"]
[Date "2017.10.02"]
[Round "2"]
[White "Demidov, Mikhail"]
[Black "Pervakov, Sergey"]
[Result "1-0"]
[WhiteElo "2521"]
[BlackElo "2137"]
[PlyCount "39"]
[EventDate "2017.10.02"]
[EventType "swiss (blitz)"]
[EventRounds "20"]
[EventCountry "RUS"]
[SourceTitle "EXT 2018"]
[Source "ChessBase"]
[SourceDate "2017.10.13"]
[SourceVersion "1"]
[SourceVersionDate "2017.10.13"]
[SourceQuality "1"]

1. Nf3 d6 2. d4 Nf6 3. g3 g6 4. b3 Bg7 5. Bb2 0-0 6. Bg2 Nbd7 7. 0-0 c5 8. c4 Rb8 9. Nc3 a6 10. e4 b5 11. e5 dxe5 12. dxe5 Ng4 13. e6 fxe6 14. Qe2 Nge5 15. Nxe5 Bxe5 16. Rad1 Qc7 17. cxb5 Bd4 18. bxa6 Nf6 19. Nb5 Bxa6 20. Qxe6+ 1-0

[Event "Geller Memorial op-A 4th"]
[Site "Odessa"]
[Date "2008.09.16"]
[Round "8"]
[White "Hrinchuk, Vladimir"]
[Black "Pervakov, Sergey"]
[Result "1-0"]
[WhiteElo "2136"]
[BlackElo "2202"]
[PlyCount "75"]
[EventDate "2008.09.09"]
[EventType "swiss"]
[EventRounds "9"]
[EventCountry "UKR"]
[SourceTitle "CBM 126 Extra"]
[Source "ChessBase"]
[SourceDate "2008.11.05"]
[SourceVersion "1"]
[SourceVersionDate "2008.11.05"]
[SourceQuality "1"]

1. e4 Nf6 2. e5 Nd5 3. Nc3 Nxc3 4. bxc3 d6 5. f4 c5 6. Nf3 Qa5 7. Bd3 Nc6 8. Qe2 Bg4 9. Rb1 0-0-0 10. 0-0 e6 11. Bb5 Qc7 12. Qc4 Nb8 13. Qa4 a6 14. Be2 d5 15. c4 d4 16. d3 Be7 17. Nxd4 Bxe2 18. Nxe2 Nc6 19. Be3 g5 20. Rb2 Nxe5 21. Rfb1 Nc6 22. Rxb7 Qxb7 23. Rxb7 Kxb7 24. fxg5 Rhg8 25. h4 Ne5 26. Nc3 Ng4 27. Bd2 f5 28. Ne2 Bd6 29. g3 Be5 30. Ba5 Rd6 31. Qa3 Rc6 32. c3 Bd6 33. d4 Ka7 34. Qa4 Rgc8 35. d5 R6c7 36. Bxc7 Rxc7 37. dxe6 Ne5 38. Nf4 1-0

[Event "Geller Memorial op-A 4th"]
[Site "Odessa"]
[Date "2008.09.15"]
[Round "7"]
[White "Daryev, Sergey"]
[Black "Pervakov, Sergey"]
[Result "1/2-1/2"]
[WhiteElo "2037"]
[BlackElo "2202"]
[PlyCount "94"]
[EventDate "2008.09.09"]
[EventType "swiss"]
[EventRounds "9"]
[EventCountry "UKR"]
[SourceTitle "CBM 126 Extra"]
[Source "ChessBase"]
[SourceDate "2008.11.05"]
[SourceVersion "1"]
[SourceVersionDate "2008.11.05"]
[SourceQuality "1"]

1. d4 Nf6 2. c4 d6 3. Nc3 Bf5 4. f3 e5 5. e4 exd4 6. Qxd4 Nc6 7. Qd2 Be6 8. b3 Be7 9. Bb2 Nh5 10. g3 0-0 11. Bg2 f5 12. Nge2 fxe4 13. Nxe4 d5 14. cxd5 Qxd5 15. Qxd5 Bxd5 16. N2c3 Nf6 17. 0-0 Bxe4 18. Nxe4 Nxe4 19. fxe4 Bc5+ 20. Kh1 Rxf1+ 21. Rxf1 Rd8 22. Bh3 Re8 23. Bg2 Rf8 24. Rxf8+ Kxf8 25. e5 Nd8 26. g4 c6 27. Be4 g6 28. h4 Ne6 29. h5 Kg7 30. hxg6 hxg6 31. Kg2 Bd4 32. Bxd4 Nxd4 33. Kf2 Nb5 34. Ke3 Nc3 35. a4 Nxe4 36. Kxe4 Kf7 37. Kf4 Ke6 38. Kg5 b5 39. axb5 cxb5 40. b4 Kxe5 41. Kxg6 a5 42. bxa5 b4 43. a6 b3 44. a7 b2 45. a8Q b1Q+ 46. Kg7 Kf4 47. Qc8 Kg5 1/2-1/2

[Event "Geller Memorial op-A 4th"]
[Site "Odessa"]
[Date "2008.09.13"]
[Round "5"]
[White "Fingerov, Dmitry"]
[Black "Pervakov, Sergey"]
[Result "1-0"]
[WhiteElo "2365"]
[BlackElo "2202"]
[PlyCount "41"]
[EventDate "2008.09.09"]
[EventType "swiss"]
[EventRounds "9"]
[EventCountry "UKR"]
[SourceTitle "CBM 126 Extra"]
[Source "ChessBase"]
[SourceDate "2008.11.05"]
[SourceVersion "1"]
[SourceVersionDate "2008.11.05"]
[SourceQuality "1"]

1. Nf3 Nf6 2. c4 g6 3. b3 Bg7 4. Bb2 0-0 5. g3 d6 6. d4 Nc6 7. Bg2 Nd7 8. 0-0 e5 9. dxe5 Ndxe5 10. Nxe5 dxe5 11. Nc3 Bf5 12. Nd5 Re8 13. e3 Rb8 14. Qd2 Ne7 15. e4 Be6 16. Qa5 b6 17. Qxa7 c6 18. Nc7 Rf8 19. Nxe6 fxe6 20. Rad1 Qe8 21. Qd7 1-0